000
00292nam a2200121Ia 4500
008
190216s9999||||xx |||||||||||||| ||und||
100
_a
Perumpatavam Sreedharan
245
0
_a
Edathavalam
260
_b
Poorna Pubs Kozhikode
_c
1993
300
_a
276p
650
_a
Malayalam Novel
942
_c
BK
999
_c
27940
_d
27940